00898nam a22001817a 450000100060000000300080000600500170001400800410003103500190007204000260009104100080011708200230012524504730014826000300062130000270065165000140067870000240069230884BD-RjUL20211209051629.0140412s1966 uk |||| b||| 001 0 eng d a(BD-RjUL)30971 aBD-RjULbengcBD-RjUL aeng04aR 015.42bBRI 1966 a'The British National Bibliography' annual volume : a subject catalogue of new books published in the British Isles, based upon the books received by the Copyright Libraries and the Copyright Office of the British Museum; classified, with modifications, according to the Dewey Decimal Classification, catalogued according to the British Text of the Anglo-American Cataloguing Rules (1967); provided with a full author, title and subject index, c Ed.Arthur James Wells aLondon : bB.N.B, c1966. aviii, 1747 p. ;c27cm. aGt. Brit.1 aWells Arthur James